000 00623nam a2200205Ia 4500
003 GCL
008 140319s9999 xx 000 0 ara d
040 _aGCL /
_cGCL
082 0 4 _a812.009
_bع ف
100 1 _aعبدالكريم برشيد
245 1 0 _aفى المسرح السيد حافظ: دراسات /
_cعبدالكريم برشيد
700 1 _aعواطف الزين
700 1 _aاحمد عبدالرحيم
300 _aمتعدد
490 _a100 قصة
_v0
650 0 4 _aالمسرح المصرى
650 0 4 _aالمسرح - تاريخ ونقد
650 0 4 _aالسيد حافظ
942 _2ddc
_cBK
999 _c46696
_d46696